000 00551nam a2200193Ia 4500
005 20250508152801.0
008 008 250505s9999 xx 000 0 eng d
037 _aTextual
040 _aFEDL
_beng
_cFEDL
041 _aeng
_2eng
084 _a371.7, WIL
_qFEDL
100 _aWilliams Jesse Feiring
_992918
245 0 _aHealth education in schools
260 _aNew York, USA
_bThe Ronald Press Company
_c1949
300 _aix,316p
700 _a Abernathy Ruth
_9762365
942 _cTEXL
_h371.7, WIL
999 _c1338731
_d1338731